000 00714 a2200193 4500
020 _a0710095686
082 _a915.0423
100 0 0 _aIbn Batuta
245 1 0 _aIbn Battuta
_b: travels in Asia and Africa, 1325-1354.
260 _aLondon
_b: Routledge & Kegan Paul,
_c1983.
300 _a398 p. : ill., maps.
500 _aFirst ed. published as : Travels in Asia and Africa, 1325-1354, 1929.
600 1 0 _aIbn Batuta
_d, 1304-1377
_xTravel
_xAsia.
_9119435
600 1 0 _aIbn Batuta
_d, 1304-1377
_xTravel
_xAfrica.
_9119436
651 0 _aAsia
_xDescription and travel.
_911233
651 0 _aAfrica
_xDescription and travel.
_9119437
740 0 1 _aTravels in Asia and Africa, 1325-1354.
942 _cBK
_k915.0423 ROU
_2ddc
999 _c10682
_d10682